MARC
| LEADER | 00000nam a2200000Ia 4500 | ||
|---|---|---|---|
| 008 | 170316s9999 xx 000 0 und d | ||
| 040 | |a cru BVZT | ||
| 090 | |a 860 J-1t | ||
| 100 | |a Jaramillo Levi, Enrique | ||
| 245 | |a Tocar fondo (1993-1995) | ||
| 260 | |a México, Distrito Federal | ||
| 260 | |b Publipasa | ||
| 260 | |c 1996 | ||
| 300 | |a 106 páginas | ||
| 650 | |a LITERATURA LATINOAMERICANA | ||
| 650 | |a CUENTOS | ||
| 999 | |c 8850 |d 8850 | ||
| 942 | |c 15 D |h 860 J-1t |2 z | ||
